000 01240cam a22003377a 4500
003 CHAP
005 20220329141431.0
008 971013s1988 r 00010 d
010 _a68072
011 _a69044
035 _a78518
040 _cCHAP
090 _aTesis
100 0 0 _aJuárez Hernández, María de Jesús.
_962427
245 1 0 _aDesarrollo del cultivo de fresa (Fragaria x ananassa Duch.) en hidroponia, a partir de plantas propagadas in vitro
260 _aChapingo, Méx. :
_bEl autor,
_c1988
300 _a143 p.
502 _aTesis (Maestro en Ciencias Esp. en Edafología) CP. Centro de Edafología
590 _aALEPH
_b10
_c20130110
_lUCH01
_h1404
590 _aBATCH-UPD
_b10
_c20130110
_lUCH01
_h0916
590 _aBATCH-UPD
_b10
_c20130410
_lUCH01
_h0539
590 _aBATCH-UPD
_b10
_c20130914
_lUCH01
_h1436
590 _aCONVERSION
_b10
_c20130109
_lUCH01
_h1337
650 1 4 _aFresa
_xPropagación.
_943229
650 1 4 _aHidroponía.
_955280
901 _aBK
942 _cFOLL
949 _aTesis
_bBC
_cTES
_d33724002049413
_eTS2
_fc.3
_gDonaciØn
_h31910
_i78518
_sb
949 _aTesis
_bBC
_cTES
_d33724002049454
_eTS2
_fc.2
_gDonaciØn
_h19702
_i78518
_sb
949 _aTesis
_bBC
_cTES
_d33724002049496
_eTS1
_h20223
_i78518
_si
999 _c68072
_d68072